[Event "Elista ol (Men)"]
[Site "Elista"]
[Date "1998.10.05"]
[Round "7"]
[White "Kobalija, Mihail"]
[Black "Gallagher, Joseph G"]
[Result "1-0"]
[WhiteElo "2505"]
[BlackElo "2525"]

1.e4 c5 2.Nf3 d6 3.d4 cxd4 4.Nxd4 Nf6 5.Nc3 a6 6.Be3 e6 7.Be2 Qc7 8.a4 b6
9.f4 Bb7 10.Bf3 Nbd7 11.Qe2 e5 12.Nf5 g6 13.fxe5 Nxe5 14.Bg5 Qd8 15.Ne3 Bg7
16.O-O h6 17.Bh4 O-O 18.Rad1 Re8 19.Kh1 Rb8 20.Ncd5 Bxd5 21.Nxd5 g5 22.Bg3 Nxd5
23.Rxd5 Qc8 24.Bh5 Re7 25.Rxd6 Qb7 26.Rd5 Rf8 27.c4 Qc6 28.b3 Re6 29.Qd2 Ng6
30.Bg4 Rxe4 31.Bf3 Qf6 32.Rd1 Re6 33.Bg4 Rc6 34.Bd7 Rc5 35.Rd6 Qe7 36.Rxb6 Nf4
37.Rxa6 Rd8 38.Bxf4 gxf4 39.Rd6 Re5 40.Qf2 Re2 41.Qf1 f3 42.gxf3 Rxh2+ 43.Kxh2 Be5+
44.Kh1 Bxd6 45.Bh3 Qe5 46.f4 Qf6 47.Qg1+ Kf8 48.Qb6 Qh4 49.Kg2 Qe7 50.Kf3 Qh4
51.Kg2 Qe7 52.Re1 Qh4 53.Qf2 Qf6 54.Rd1 Qg6+ 55.Kf3 Qf6 56.Qd4 Qh4 57.Kg2 Ke7
58.Qe3+ Kf8 59.Qf2 Qxf2+ 60.Kxf2 Bc5+ 61.Ke2 Re8+ 62.Kd2 Bb4+ 63.Kc2 Re2+
64.Kd3 Rb2 65.c5 Bxc5 66.Kc4 Rc2+ 67.Kb5 Be3 68.b4 Bxf4 69.a5 Ra2 70.Rf1 Bd6
71.Be6 Rb2 72.Rxf7+ Ke8 73.Kc6 Bxb4 74.a6 Re2 75.Bc4 Re5 76.Bd5 Re1 77.a7 Ra1
78.Kb7  1-0

[Event "Elista ol (Men)"]
[Site "Elista"]
[Date "1998.10.06"]
[Round "8"]
[White "Shirov, Alexei"]
[Black "Ljubojevic, Ljubomir"]
[Result "1/2-1/2"]
[WhiteElo "2720"]
[BlackElo "2550"]

1.e4 c5 2.Nf3 d6 3.d4 cxd4 4.Nxd4 Nf6 5.Nc3 a6 6.Be3 Nc6 7.Be2 e5 8.Nb3 Be7
9.O-O O-O 10.f3 Na5 11.Nd5 Nxd5 12.Qxd5 Nc6 13.Rad1 Qc7 14.Qd2 Be6 15.f4 exf4
16.Bxf4 Rad8 17.Kh1 Qc8 18.Qe3 Bg4 19.c3 Rfe8 20.Bxg4 Qxg4 21.Nd4 Nxd4  1/2-1/2

[Event "Elista ol (Men)"]
[Site "Elista"]
[Date "1998.10.10"]
[Round "11"]
[White "Luther, Thomas"]
[Black "Kolev, Atanas"]
[Result "1/2-1/2"]
[WhiteElo "2560"]
[BlackElo "2550"]

1.e4 c5 2.Nf3 d6 3.d4 cxd4 4.Nxd4 Nf6 5.Nc3 a6 6.Be3 Ng4 7.Bg5 h6 8.Bh4 g5
9.Bg3 Bg7 10.Be2 h5 11.Bxg4 Bxg4 12.f3 Bd7 13.Bf2 Nc6 14.Qd2 Qa5 15.O-O-O Rc8
16.Kb1 Rg8 17.Nd5 Qxd2 18.Rxd2 Nxd4 19.Bxd4 Bxd4 20.Rxd4 Be6 21.Rb4 b5 22.a4 Bxd5
23.exd5 Rc5 24.axb5 axb5 25.Rd4 Kd7 26.c3 e5 27.dxe6+ fxe6 28.Rhd1 d5 29.Kc2  1/2-1/2

[Event "Elista ol (Men)"]
[Site "Elista"]
[Date "1998.10.10"]
[Round "11"]
[White "Spasov, Vasil"]
[Black "Lutz, Christopher"]
[Result "0-1"]
[WhiteElo "2595"]
[BlackElo "2600"]

1.e4 c5 2.Nf3 d6 3.d4 cxd4 4.Nxd4 Nf6 5.Nc3 a6 6.Be3 e6 7.g4 h6 8.h3 b5 9.Bg2 Bb7
10.a3 Nbd7 11.Nde2 g5 12.f4 gxf4 13.Nxf4 Ne5 14.Nd3 Nfd7 15.O-O Be7 16.a4 bxa4
17.Rxa4 Bg5 18.Bf2 Bh4 19.Bxh4 Qxh4 20.Nf4 h5 21.Nxh5 Ke7 22.Rd4 Rag8 23.Rxd6 Rxh5
24.gxh5 Qxh3 25.Rd2 Nf6 26.Rxf6 Kxf6 27.Rf2+ Ke7 28.Kf1 Qg3 29.Rd2 a5 30.Nb5 Ba6
31.c4 Rg4 32.Rf2 Nxc4 33.Rxf7+ Kxf7 34.Qd7+ Kf8 35.Qd8+ Kf7 36.Qd7+ Kf8 37.Qd8+ Kg7
38.h6+ Kh7 39.Qe7+ Kh8 40.Qf6+ Kh7 41.Qf7+ Rg7 42.hxg7 Ne3+ 43.Ke2 Bxb5+
44.Kd2 Nc4+  0-1

[Event "Elista ol (Men)"]
[Site "Elista"]
[Date "1998.10.11"]
[Round "12"]
[White "Rytshagov, Mikhail"]
[Black "Gadjilu, Rauf"]
[Result "1/2-1/2"]
[WhiteElo "2565"]
[BlackElo "2465"]

1.e4 c5 2.Nf3 d6 3.d4 cxd4 4.Nxd4 Nf6 5.Nc3 a6 6.Be3 e5 7.Nb3 Be6 8.Qd2 Nbd7
9.f3 h5 10.Be2 Rc8 11.O-O Be7 12.Rfd1 O-O 13.a4 Qc7 14.a5 Rfd8 15.Qe1 Nc5
16.Nxc5 dxc5 17.Rxd8+ Qxd8 18.Na4 c4 19.Nb6 Bc5 20.Qf2 Bxe3 21.Qxe3 Rc6 22.Rd1 Qf8
23.Kf2 Qc5 24.Qxc5 Rxc5 25.Ke3 h4 26.Rd8+ Kh7 27.Rb8 Rxa5 28.Bxc4 Bxc4 29.Nxc4 Rc5
30.Kd3 b5 31.Nd6 Nh5 32.Nxf7 Kg6 33.Nd6 Nf4+ 34.Kd2 Nxg2 35.Nf5 Rc7 36.Rb6+ Kg5
37.Rxa6 Kf4 38.Ra3 g6 39.Nd6 Rd7 40.Rd3 b4 41.Ke2 Rc7 42.c4 h3 43.b3 Ra7
44.c5 Kg5 45.Rd2 Nf4+ 46.Ke3 Ra3 47.Rb2 Ra1 48.c6 Re1+ 49.Kd2 Re2+ 50.Kd1 Rxb2
51.c7 Nd3 52.c8=Q Nf2+ 53.Ke1 Nd3+  1/2-1/2

[Event "Oberliga Sued W9899"]
[Site "Wuertemberg"]
[Date "1998.10.11"]
[Round "1"]
[White "Reuss, Andreas"]
[Black "Schoof, Martin"]
[Result "1-0"]
[WhiteElo "2170"]
[BlackElo "2325"]

1.e4 c5 2.Nf3 d6 3.d4 cxd4 4.Nxd4 Nf6 5.Nc3 a6 6.Be3 e5 7.Nb3 Be6 8.Qd2 Be7
9.f3 Nbd7 10.a4 Nb6 11.a5 Nc4 12.Bxc4 Bxc4 13.Na4 Rc8 14.Nb6 Rc6 15.Nxc4 Rxc4
16.Qd3 Qc8 17.c3 Qe6 18.Nd2 Rc8 19.c4 O-O 20.O-O Nd7 21.Rac1 g6 22.b4 f5
23.Qd5 Qxd5 24.cxd5 Nf6 25.h3 h5 26.Bb6 Kf7 27.Kf2 Rfe8 28.Ke2 Bf8 29.Be3 f4
30.Bf2 g5 31.Nc4 Nd7 32.Rc2 Be7 33.Rfc1 Kf8 34.Kd3 Kg8 35.Nb6 Nxb6 36.Bxb6 Rxc2
37.Rxc2 Rb8 38.Rc7 Kf8 39.Kc4 Ke8 40.b5 axb5+ 41.Kxb5  1-0

[Event "Elista ol (Men)"]
[Site "Elista"]
[Date "1998.10.12"]
[Round "13"]
[White "Hossain, Enamul"]
[Black "Lhagvasuren, Cedendemberel"]
[Result "1/2-1/2"]
[WhiteElo "2335"]
[BlackElo "2355"]

1.e4 c5 2.Nf3 d6 3.d4 cxd4 4.Nxd4 Nf6 5.Nc3 a6 6.Be3 e6 7.g4 h6 8.h3 b5 9.Bg2 Bb7
10.a3 Nbd7 11.Nde2 Rc8 12.f4 Nb6 13.Qd3 Nc4 14.Bc1 d5 15.e5 Nd7 16.b3 Ncb6
17.O-O Qc7 18.Bb2 h5 19.g5 g6 20.Nd4 b4 21.axb4 Bxb4 22.Nce2 Nc5 23.Qe3 Ne4
24.Ng3 Nxg3 25.Qxg3 Nd7 26.Qd3 Nb8 27.Ba3 Bxa3 28.Rxa3 Nc6 29.Nxc6 Qxc6 30.Rf2 Qb6
31.Ra4 Ke7 32.Bf1 Rc6 33.Qd4 Qxd4 34.Rxd4 Rc3 35.Bd3 Bc6 36.Bxa6 Rxh3 37.Bd3 Rg3+
38.Kh2 Re3 39.Rf1 Ra8 40.Kg2 Ra2 41.Rc1 Kd8 42.Kf2 Rh3 43.Kg2 Re3 44.Kf2 Rh3
45.Kg2  1/2-1/2

[Event "NRW Sportland Cup Masters"]
[Site "Senden"]
[Date "1998.10.14"]
[Round "7"]
[White "Kemper, Meinolf"]
[Black "Balcerak, Jakob"]
[Result "1/2-1/2"]
[WhiteElo "2085"]
[BlackElo "2300"]

1.e4 c5 2.Nf3 d6 3.d4 cxd4 4.Nxd4 Nf6 5.Nc3 a6 6.Be3 e6 7.Qd2 b5 8.Bd3 Bb7
9.f3 Nbd7 10.O-O-O Rc8 11.g4 Ne5 12.Kb1 Nc4 13.Bxc4 Rxc4 14.g5 Nd7 15.h4 Rc8
16.h5 Ne5 17.Qg2 Qa5 18.g6 hxg6 19.hxg6 Nxg6 20.Nxe6 Rxh1 21.Rxh1 b4 22.Ne2 d5
23.Nxf8 Kxf8 24.Nf4 Nxf4 25.Bxf4 dxe4 26.fxe4 Qc5 27.Rg1 Qd4 28.Qg4 g6 29.e5 Rc4
30.Bh6+ Kg8 31.Qxd4  1/2-1/2

[Event "Wch U18"]
[Site "Oropesa del Mar"]
[Date "1998.10.27"]
[Round "3"]
[White "Blehm, Pawel"]
[Black "Bekker Jensen, Simon"]
[Result "1-0"]
[WhiteElo "2420"]
[BlackElo "2260"]

1.e4 c5 2.Nf3 d6 3.d4 Nf6 4.Nc3 cxd4 5.Nxd4 a6 6.Be3 e5 7.Nb3 Be7 8.f3 Be6
9.Qd2 Nbd7 10.g4 h6 11.O-O-O b5 12.Kb1 Nb6 13.Qf2 Rb8 14.h4 b4 15.Ne2 Nc4
16.Bc1 a5 17.Ng3 a4 18.Nf5 Bxf5 19.exf5 Qc7 20.Bxc4 Qxc4 21.Nd2 Qb5 22.Ne4 b3
23.Nc3 bxa2+ 24.Ka1 Qb4 25.Nxa2 Qc4 26.g5 Nd5 27.Qd2 Nb4 28.Nxb4 Rxb4 29.f6 gxf6
30.gxf6 Bf8 31.Rhe1 Rb5 32.Re4 Qc6 33.Qd3 Rg8 34.f4 Rg3 35.Be3 Rg2 36.Rc4 Qb7
37.Qc3 a3 38.Rc8+ Kd7 39.Rxf8 axb2+ 40.Kb1 Qa6 41.Rxf7+ Ke8 42.Ra7  1-0

[Event "Wch U16 Girls"]
[Site "Oropesa del Mar"]
[Date "1998.10.27"]
[Round "3"]
[White "Timko, Melinda"]
[Black "Calotescu, Cristina"]
[Result "1/2-1/2"]
[WhiteElo "2105"]
[BlackElo "2180"]

1.e4 c5 2.Nf3 d6 3.d4 cxd4 4.Nxd4 Nf6 5.Nc3 a6 6.Be3 e5 7.Nb3 Be7 8.f3 b5
9.Nd5 Nc6 10.Bb6 Qd7 11.Nc7+ Kf8 12.Nxa8 Qb7 13.a4 b4 14.Bc4 Qxa8 15.Qd3 g6
16.g4 Kg7 17.h4 h6 18.O-O-O Qb7 19.Be3 Nd7 20.Bd5 Qc7 21.Qc4 Bb7 22.Bxf7 Rf8
23.Qe6 Nf6 24.g5 Rxf7 25.gxf6+ Rxf6 26.Qg4 Bc8 27.Qg3 Be6 28.Kb1 Qc8 29.Nd2 Na5
30.Rhg1 Qc6 31.f4 Qxa4 32.b3 Nxb3 33.cxb3 Bxb3 34.Nxb3 Qxb3+  1/2-1/2

[Event "Wch U18"]
[Site "Oropesa del Mar"]
[Date "1998.10.30"]
[Round "5"]
[White "Lopez Martinez, Jose Manuel"]
[Black "Dominguez Perez, Lenier"]
[Result "0-1"]
[WhiteElo "2350"]
[BlackElo "2585"]

1.e4 c5 2.Nf3 d6 3.d4 cxd4 4.Nxd4 Nf6 5.Nc3 a6 6.Be3 e5 7.Nb3 Be6 8.f3 Be7
9.Qd2 Nbd7 10.g4 h6 11.O-O-O b5 12.h4 Nb6 13.Qf2 Rb8 14.Nc5 b4 15.Nb1 a5
16.Nxe6 fxe6 17.Bb5+ Nfd7 18.g5 h5 19.Nd2 Qc7 20.Bxb6 Rxb6 21.Ba4 Rb8 22.Qe2 O-O
23.Bxd7 Qxd7 24.f4 Rfc8 25.fxe5 Qa4 26.Nc4 Qxa2 27.Qxh5 Qxc4 28.Rd2 Qxe4
29.g6 Qxh1+ 30.Rd1 Qxh4  0-1

[Event "Chigorin mem"]
[Site "St. Petersburg"]
[Date "1998.10.31"]
[Round "1"]
[White "Malinin, Yuri"]
[Black "Vaulin, Alexander"]
[Result "0-1"]
[WhiteElo "2335"]
[BlackElo "2550"]

1.Nf3 c5 2.e4 d6 3.d4 cxd4 4.Nxd4 Nf6 5.Nc3 a6 6.Be3 e5 7.Nb3 Be7 8.Qd2 Be6
9.O-O-O Nbd7 10.f3 b5 11.Qf2 O-O 12.g4 b4 13.Nd5 Bxd5 14.exd5 a5 15.Kb1 a4
16.Nc1 Qa5 17.Qd2 Nb6 18.Bxb6 Qxb6 19.g5 Nh5 20.Nd3 b3 21.h4 bxa2+ 22.Ka1 Rfb8
23.c3 a3 24.b4 Ng3 25.Rh3 Nxf1 26.Rxf1 Qb5 27.Rd1 Qxd5 28.Nc1 Qe6 29.Rh2 f6
30.f4 Kf7 31.h5 Rc8 32.g6+ hxg6 33.hxg6+ Kxg6 34.f5+ Qxf5 35.Qd5 Qb1+  0-1

[Event "Wch U18"]
[Site "Oropesa del Mar"]
[Date "1998.11.04"]
[Round "9"]
[White "Blehm, Pawel"]
[Black "Dominguez Perez, Lenier"]
[Result "1/2-1/2"]
[WhiteElo "2420"]
[BlackElo "2585"]

1.e4 c5 2.Nf3 d6 3.d4 cxd4 4.Nxd4 Nf6 5.Nc3 a6 6.Be3 Ng4 7.Bg5 h6 8.Bh4 g5
9.Bg3 Bg7 10.Be2 h5 11.Bxg4 Bxg4 12.f3 Bd7 13.Bf2 Nc6 14.O-O e6 15.Nde2 Be5
16.Na4 b5 17.Nb6 Rb8 18.Nxd7 Qxd7 19.Rb1 f6 20.Qd2 h4 21.h3 Ne7 22.f4 gxf4
23.Nxf4 Rc8 24.Nd3 Rc4 25.Rbd1 Qc7 26.Nxe5 dxe5 27.Qd6 Qxd6 28.Rxd6 Kf7 29.Rxa6 Rxe4
30.Ra7 Re8 31.Rb7 Kg6 32.Rxb5 Nd5 33.Re1 Ra4 34.a3 Rc8 35.c3 e4 36.Bxh4 e3
37.Bg3 f5 38.Be5 f4 39.Bd4 Kf5 40.b3 Rxa3 41.c4 Ke4 42.cxd5 Kxd4 43.dxe6 Ra2
44.Rg5 Re8 45.Rg4 Rxe6 46.Rxf4+ Kd3 47.Rf3 Re2 48.Ra1 Rc6 49.Rd1+ Rd2 50.Re1 Re2
51.Rd1+ Rd2  1/2-1/2

[Event "Chigorin mem"]
[Site "St. Petersburg"]
[Date "1998.11.04"]
[Round "5"]
[White "Kobalija, Mihail"]
[Black "Dvoirys, Semen I"]
[Result "1/2-1/2"]
[WhiteElo "2505"]
[BlackElo "2585"]

1.e4 c5 2.Nf3 d6 3.d4 cxd4 4.Nxd4 Nf6 5.Nc3 a6 6.Be3 e6 7.g4 d5 8.g5 Nxe4
9.Nxe4 dxe4 10.Bg2 Nd7 11.Nb3 Be7 12.Qd2 Nb6 13.Qd4 Qxd4 14.Bxd4 Nc4 15.Bxg7 Rg8
16.Bc3 Nd6 17.h4 Bd7 18.O-O-O Bc6 19.Be5 Bd5 20.Kb1 Nc4 21.Bg3 Bd6 22.Rhe1 Bxg3
23.fxg3 O-O-O 24.Kc1 Nd6 25.Nc5 h6 26.Bxe4 Nxe4 27.Nxe4 Bxe4 28.Rxd8+ Kxd8
29.Rxe4 hxg5 30.Rg4 f6 31.Kd2 Ke7 32.Ke3 b5 33.a4 Rc8 34.axb5 axb5 35.hxg5 Rxc2
36.gxf6+ Kxf6 37.Rb4 Rc5 38.Kf4  1/2-1/2

[Event "Wch U18"]
[Site "Oropesa del Mar"]
[Date "1998.11.06"]
[Round "10"]
[White "Fedorchuk, Sergey A"]
[Black "Ibrahimov, Rasul"]
[Result "1-0"]
[WhiteElo "2415"]
[BlackElo "2365"]

1.e4 c5 2.Nf3 d6 3.d4 cxd4 4.Nxd4 Nf6 5.Nc3 a6 6.Be3 e6 7.g4 h6 8.h3 b5 9.Bg2 Bb7
10.a3 Nbd7 11.Nde2 Ne5 12.b3 g5 13.Qd2 Rc8 14.f4 gxf4 15.Nxf4 Qa5 16.Bd4 b4
17.Nce2 Bxe4 18.axb4 Qb5 19.c4 Qb7 20.O-O Bxg2 21.Nxg2 Be7 22.c5 Ne4 23.Qe3 Rf8
24.b5 Bg5 25.Nef4 axb5 26.cxd6 Nd7 27.Ra7 Qc6 28.Rc7 Rxc7 29.dxc7 Nd6 30.Rc1 Qb7
31.h4 Bxf4 32.Qxf4 Ke7 33.Qxh6 Qe4 34.Qg7 Ra8 35.h5 Ra2 36.Bf2 Nf6 37.Qg5 Qxg4
38.Qxg4 Nxg4 39.Bc5  1-0

[Event "Chigorin mem"]
[Site "St. Petersburg"]
[Date "1998.11.06"]
[Round "6"]
[White "Olenin, Nikolay"]
[Black "Polovodin, Igor A"]
[Result "0-1"]
[WhiteElo "2365"]
[BlackElo "2460"]

1.e4 c5 2.Nf3 d6 3.d4 cxd4 4.Nxd4 Nf6 5.Nc3 a6 6.Be3 e6 7.g4 h6 8.f4 Nc6
9.h3 Bd7 10.Qd2 Qc7 11.Bg2 Rc8 12.O-O Be7 13.Rad1 O-O 14.Qf2 b5 15.a3 Nxd4
16.Rxd4 Bc6 17.Rfd1 d5 18.exd5 exd5 19.Nxd5 Bxd5 20.Bxd5 Bc5 21.R4d3 Nxd5
22.Bxc5 Nxf4 23.Bxf8 Nxd3 24.Rxd3 Rxf8 25.c3 Re8 26.Re3 Rd8 27.Qe2 Qc5 28.Kh2 Rd5
29.Re8+ Kh7 30.Qe4+ g6 31.Qf3 Rd2+ 32.Kh1 Kg7 33.b4 Qc7 34.Re2 Rxe2 35.Qxe2 Qxc3
36.Kg2 Qxa3 37.Qe5+ Kh7 38.Qd5 Qb2+ 39.Kg3 Qc3+ 40.Kg2 Kg7 41.Qd6 Qf6 42.Qc5 Qf4
43.Qe7 Qd2+ 44.Kg3 Qg5 45.Qd6 h5 46.Qxa6 Qe3+ 47.Kg2 Qd2+ 48.Kf3 Qc3+ 49.Kg2 Qxb4
50.gxh5 Qe4+ 51.Kg3 Qe5+ 52.Kg2 Qxh5 53.Qd6 Qe2+ 54.Kg3 Qe3+ 55.Kh2 Qc3 56.h4 b4
57.h5 gxh5 58.Qf4 Qc2+ 59.Kh1 Qd1+ 60.Kh2 Qg4 61.Qe5+ Kh7 62.Qd5 Qf4+ 63.Kh1 h4
64.Kg1 Kg7  0-1

[Event "Chigorin mem"]
[Site "St. Petersburg"]
[Date "1998.11.06"]
[Round "6"]
[White "Kashtanov, Ruslan"]
[Black "Biriukov, Oleg V"]
[Result "1/2-1/2"]
[WhiteElo "2320"]
[BlackElo "2410"]

1.e4 c5 2.Nf3 d6 3.d4 cxd4 4.Nxd4 Nf6 5.Nc3 a6 6.Be3 e6 7.Be2 Be7 8.O-O O-O
9.a4 Nc6 10.f4 Qc7 11.Kh1 Re8 12.Bf3 Rb8 13.h3 Bd7 14.g4 Nxd4 15.Qxd4 e5
16.Qb6 Qxb6 17.Bxb6 Bc6 18.f5 Bd8 19.Bxd8 Rexd8 20.g5 Ne8 21.a5 Nc7 22.Rad1 g6
23.Bg2 b6 24.axb6 Rxb6 25.b3 gxf5 26.Rxf5 Ne6 27.Bf1 Rd7 28.Bc4 Nf4 29.Kh2 Bb5
30.Bxb5 axb5 31.Rxe5 dxe5 32.Rxd7 Rc6 33.Nxb5 Rxc2+ 34.Kg3 Rg2+ 35.Kf3 Rxg5
36.Nd6 Nxh3 37.Rd8+ Kg7 38.Nf5+ Kg6 39.b4 Rg1 40.Rd6+ Kg5 41.Rd7 Rb1 42.Rxf7 Rb3+
43.Ne3 Kg6 44.Rf5 Ng5+ 45.Ke2 Nf7 46.Nd5 h5  1/2-1/2

[Event "Wch U16 Girls"]
[Site "Oropesa del Mar"]
[Date "1998.11.07"]
[Round "11"]
[White "Moshina, Cristina"]
[Black "Makovetskaya, Elena"]
[Result "1-0"]
[WhiteElo "2185"]
[BlackElo "2230"]

1.e4 c5 2.Nf3 d6 3.d4 cxd4 4.Nxd4 Nf6 5.Nc3 a6 6.Be3 Ng4 7.Bg5 h6 8.Bh4 g5
9.Bg3 Bg7 10.Be2 Ne5 11.h4 gxh4 12.Bxh4 Ng6 13.Bg3 Nc6 14.Nf5 Bxf5 15.exf5 Nge5
16.Nd5 Qa5+ 17.c3 Nd4 18.f6 Nxe2 19.fxg7 Rg8 20.b4 Qd8 21.Qxe2 Rxg7 22.Bxe5 dxe5
23.Qxe5 Kf8 24.Rxh6 Rxg2 25.Rh8+ Rg8 26.Rxg8+ Kxg8 27.O-O-O  1-0

[Event "Chigorin mem"]
[Site "St. Petersburg"]
[Date "1998.11.07"]
[Round "7"]
[White "Anisimov, Pavel"]
[Black "Belov, Vladimir"]
[Result "0-1"]
[WhiteElo "2195"]
[BlackElo "2355"]

1.e4 c5 2.Nf3 d6 3.d4 cxd4 4.Nxd4 Nf6 5.Nc3 a6 6.Be3 e6 7.f3 b5 8.Qd2 Bb7
9.O-O-O Nbd7 10.a3 Rc8 11.g4 Nb6 12.g5 Nfd7 13.f4 Nc5 14.Bd3 Nba4 15.Nxa4 bxa4
16.Qg2 g6 17.Kb1 Qb6 18.Ne2 Bg7 19.Bd4 Bxd4 20.Nxd4 Rb8 21.b4 axb3 22.cxb3 e5
23.fxe5 dxe5 24.Qg3 O-O 25.Qxe5 Nxb3 26.Nc2 Rfe8 27.Qc3 Nc5+ 28.Qb4 Qxb4+
29.axb4 Nxd3  0-1

[Event "Chigorin mem"]
[Site "St. Petersburg"]
[Date "1998.11.09"]
[Round "9"]
[White "Kobalija, Mihail"]
[Black "Vaulin, Alexander"]
[Result "1/2-1/2"]
[WhiteElo "2505"]
[BlackElo "2550"]

1.e4 c5 2.Nf3 d6 3.d4 cxd4 4.Nxd4 Nf6 5.Nc3 a6 6.Be3 e5 7.Nb3 Be6 8.f3 Be7
9.Qd2 O-O 10.O-O-O Nbd7 11.g4 b5 12.g5 b4 13.Ne2 Nh5 14.Ng3 Nf4 15.h4 a5
16.Kb1 Qc7 17.Nd4 exd4 18.Bxf4 Ne5 19.Nf5 Nxf3 20.Qf2 Ne5 21.Nxe7+ Qxe7 22.Qxd4 Rfd8
23.Be2 Rac8 24.b3 Bg4 25.Bxg4 Nxg4 26.Bxd6 Qe6 27.Rd2 Rc6 28.Rhd1 h6 29.gxh6 Qxh6
30.Qa7 Rdc8 31.Be7 Qe6 32.Rd8+ Rxd8 33.Rxd8+ Kh7 34.Qd7 Qxe4 35.Qd3 Nf2 36.Qxe4+ Nxe4
37.a3 Re6 38.Rd7 Nf6 39.Ra7 Nd5 40.Bc5 bxa3 41.Bxa3 a4 42.Rxf7 axb3 43.cxb3 Re1+
44.Bc1 Rh1 45.Rd7 Nf4 46.Kc2 Rxh4 47.b4 Ne6 48.Bd2 Nd4+ 49.Kc3 Nb5+ 50.Kd3 Rg4
51.Rd5 Na3 52.Rc5 Kg6 53.Bc3 Kf7 54.b5 Nxb5 55.Rxb5 Ke6 56.Bd4 Rh4 57.Rg5 Rh3+
58.Kc4 Rf3 59.Re5+ Kf7 60.Kd5 g6 61.Kd6 g5 62.Rxg5 Rd3 63.Rg7+ Kf8 64.Rg4 Ra3
65.Rf4+ Ke8 66.Bc5 Ra6+ 67.Kd5 Rh6 68.Rf8+ Kd7 69.Rf7+ Kd8 70.Bd6 Rh1 71.Kc6 Re1
72.Rf3 Re2 73.Bb4 Re6+ 74.Kd5 Rh6 75.Rf8+ Kd7 76.Rf7+ Kd8 77.Bd2 Ke8 78.Ra7 Rf6
79.Bg5 Rf7 80.Ra6 Kd7 81.Bf6 Kc8 82.Ke5 Kd7 83.Kf5 Rf8 84.Ke5 Rf7 85.Re6 Kc7
86.Kd5 Rd7+ 87.Kc5 Rf7 88.Rd6 Rd7 89.Rc6+ Kb7 90.Be5 Re7 91.Bd6 Rf7 92.Kb5 Rf5+
93.Bc5 Rf7 94.Ra6 Rd7 95.Rb6+ Kc7 96.Re6 Rd5 97.Re8 Rd7 98.Ra8 Kb7 99.Ra6 Kc7
100.Rh6 Rd5 101.Kc4 Rd7 102.Bd4 Rf7 103.Kd5 Rd7+ 104.Kc5 Rf7 105.Be5+ Kd7
106.Kd5 Re7 107.Rd6+ Ke8 108.Ra6 Rd7+ 109.Ke4 Kf7 110.Kf5 Ke7 111.Rc6 Kf7
112.Bd6 Kg7 113.Kg5 Kf7  1/2-1/2

[Event "BL9899 (Women)"]
[Site "Germany"]
[Date "1998.11.14"]
[Round "3.4"]
[White "Barthel, Bergit"]
[Black "De Mie, Mariska"]
[Result "0-1"]
[WhiteElo "2100"]
[BlackElo "2130"]

1.e4 c5 2.Nf3 d6 3.d4 cxd4 4.Nxd4 Nf6 5.Nc3 a6 6.Be3 e5 7.Nb3 Be6 8.Nd5 Nbd7
9.f3 Nxd5 10.exd5 Bf5 11.Bd3 Bg6 12.O-O Be7 13.f4 exf4 14.Bxf4 O-O 15.Kh1 Rc8
16.Nd4 Ne5 17.Bxg6 hxg6 18.b3 Bf6 19.c4 Re8 20.Rc1 Qb6 21.Nc2 Qa5 22.a3 Qd8
23.Ne3 Bg5 24.Ng4 Bxf4 25.Rxf4 Qg5 26.Rd4 Nxg4 27.Rxg4 Qe3 28.Rg3 Qf2 29.Rf3 Qb2
30.b4 Re2 31.Rb1 Qe5 32.Qf1 Rxc4 33.Rf2 Rh4 34.g3 Rxf2 35.Qxf2 Qe4+  0-1

[Event "Cologne op 47th"]
[Site "Cologne"]
[Date "1998.11.21"]
[Round "9"]
[White "Loskamp, Stefan"]
[Black "Marcks, M."]
[Result "0-1"]
[WhiteElo "2155"]
[BlackElo "2250"]

1.e4 c5 2.Nf3 d6 3.d4 cxd4 4.Nxd4 Nf6 5.Nc3 a6 6.Be3 e5 7.Nb3 Be7 8.f3 O-O
9.Qd2 Be6 10.O-O-O Nbd7 11.g4 Nb6 12.Qf2 Nfd7 13.h4 Rc8 14.Nd5 Bxd5 15.exd5 Qc7
16.Kb1 Nc4 17.Bc1 b5 18.g5 Ndb6 19.Bh3 Ra8 20.f4 a5 21.Nd2 exf4 22.Nxc4 bxc4
23.c3 Rfb8 24.Qxf4 Na4 25.Qd4 Rb5 26.Rh2 Rab8 27.Re1 Rxd5 28.Rxe7 Qxe7 29.Qxc4 Nb6
30.Qg4 Re5 31.h5 Nd5 32.Qd4 Nc7 33.Qg4 Re1 34.g6 Nb5 35.Kc2 Re8 36.gxf7+ Qxf7
37.h6 g6 38.Qd7 Nd4+ 39.Kd3 R8e7 40.Qd8+ Re8 41.Qxd6 Nf3 42.Rc2 Rd1+  0-1

[Event "Sonnevanck 7th"]
[Site "Wijk aan Zee"]
[Date "1998.12.03"]
[Round "3"]
[White "Van Haastert, Edwin"]
[Black "Armas, Jorge"]
[Result "1-0"]
[WhiteElo "2345"]
[BlackElo "2450"]

1.e4 c5 2.Nf3 d6 3.d4 Nf6 4.Nc3 cxd4 5.Nxd4 a6 6.Be3 e5 7.Nf3 Qc7 8.a4 Be6
9.a5 Nbd7 10.Be2 Qc6 11.Ng5 Bc4 12.Bxc4 Qxc4 13.Ra4 Qc6 14.Qd3 Rc8 15.Nf3 Be7
16.Nd2 Qc7 17.Nc4 O-O 18.O-O Qb8 19.Rd1 Rc6 20.f3 h6 21.Raa1 Rfc8 22.b3 Bd8
23.Nd5 Nxd5 24.Qxd5 Nf6 25.Qd3 Bc7 26.Bf2 Nd7 27.Kh1 Re8 28.Qe2 Qc8 29.Rd2 Re6
30.Be3 Qd8 31.Qf2 Qc8 32.g4 Nc5 33.Rd5 Nd7 34.Rad1 Qd8 35.Qd2 b5 36.axb6 Nxb6
37.Na5 Nxd5 38.Nxc6 Qc8 39.exd5  1-0

[Event "BL9899 (Women)"]
[Site "Germany"]
[Date "1998.12.05"]
[Round "5.2"]
[White "Madl, Ildiko"]
[Black "Koglin, Anke"]
[Result "1-0"]
[WhiteElo "2380"]
[BlackElo "2205"]

1.e4 c5 2.Nf3 d6 3.d4 cxd4 4.Nxd4 Nf6 5.Nc3 a6 6.Be3 e5 7.Nf3 Qc7 8.a4 Be7
9.a5 O-O 10.Be2 Nbd7 11.O-O b5 12.axb6 Nxb6 13.Nd2 Bb7 14.Bxb6 Qxb6 15.Nc4 Qc5
16.Bd3 a5 17.Ne3 Bd8 18.Qf3 Qb4 19.Ra3 a4 20.Nc4 Bc6 21.Rd1 Bc7 22.Bf1 Rfd8
23.Nd5 Bxd5 24.exd5 Rdc8 25.Rda1 e4 26.Qf5 Rd8 27.Rg3 Kh8 28.Raa3 Rg8 29.Rh3 Qc5
30.Ne3 Bd8 31.Ng4 h6 32.Rag3 Nxg4 33.Qxg4 Bf6 34.Qf4 Kh7 35.Qf5+ Kh8 36.Qxf6  1-0

[Event "Budapest FS12 IM-A"]
[Site "Budapest"]
[Date "1998.12.13"]
[Round "9"]
[White "Pinter, G."]
[Black "Farkas, Tibor"]
[Result "1/2-1/2"]
[WhiteElo "2245"]
[BlackElo "2275"]

1.e4 c5 2.Nf3 d6 3.d4 Nf6 4.Nc3 cxd4 5.Nxd4 a6 6.Be3 e6 7.f3 b5 8.Qd2 Bb7
9.g4 Nfd7 10.a3 Nb6 11.O-O-O N8d7 12.g5 Rc8 13.h4 Be7 14.h5 Ne5 15.Rg1 Nbc4
16.Bxc4 Nxc4 17.Qd3 Ne5 18.Qd2 Nc4 19.Qd3 Ne5 20.Qd2  1/2-1/2

[Event "BL2-W9899"]
[Site "Germany"]
[Date "1998.12.13"]
[Round "3.8"]
[White "Michalczak, Thomas"]
[Black "Van der Veen, Heinz"]
[Result "1-0"]
[WhiteElo "2265"]
[BlackElo "2260"]

1.e4 c5 2.Nf3 d6 3.d4 cxd4 4.Nxd4 Nf6 5.Nc3 a6 6.Be3 e5 7.Nb3 Be6 8.f3 Be7
9.Qd2 Nbd7 10.g4 h6 11.O-O-O b5 12.Qf2 Rb8 13.Nd5 Bxd5 14.exd5 Nb6 15.Bxb6 Qxb6
16.Qe1 b4 17.h4 a5 18.Kb1 a4 19.Nc1 Nd7 20.Bd3 Nc5 21.Be4 Bf6 22.Qd2 g6 23.g5 hxg5
24.hxg5 Rxh1 25.Rxh1 Bg7 26.Ne2 Nd7 27.Ng3 Ke7 28.Nf1 Rh8 29.Rxh8 Bxh8 30.Ne3 Bg7
31.c4 Nc5 32.Nc2 b3 33.axb3 Nxb3 34.Qb4 Qa7 35.Ka2 f5 36.gxf6+ Bxf6 37.Bxg6 Bg5
38.Ka3 Bd2 39.Qb5 Kf6 40.Qe8 Nc5 41.Bh5 Qh7 42.Qd8+ Qe7 43.Qg8 e4 44.Nd4 Qb7
45.Qf8+  1-0

[Event "Skopje op"]
[Site "Skopje"]
[Date "1998.12.13"]
[Round "2"]
[White "Stojanovski, Dejan"]
[Black "Tringov, Georgi P"]
[Result "1/2-1/2"]
[WhiteElo "2235"]
[BlackElo "2365"]

1.e4 c5 2.Nf3 d6 3.d4 cxd4 4.Nxd4 Nf6 5.Nc3 a6 6.Be3 e6 7.f3 Be7 8.g4 Nfd7
9.Qd2 Bh4+ 10.Bf2 Bxf2+ 11.Qxf2 Qb6 12.O-O-O Nc6 13.Qd2 Nxd4 14.Qxd4 Qxd4
15.Rxd4 Ke7  1/2-1/2

[Event "Skopje op"]
[Site "Skopje"]
[Date "1998.12.16"]
[Round "5"]
[White "Nedev, Trajce"]
[Black "Colovic, Aleksandar"]
[Result "1/2-1/2"]
[WhiteElo "2435"]
[BlackElo "2390"]

1.e4 c5 2.Nf3 d6 3.d4 cxd4 4.Nxd4 Nf6 5.Nc3 a6 6.Be3 e5 7.Nb3 Be6 8.f3 Nbd7
9.g4 b5 10.g5 Nh5 11.Qd2 Be7 12.O-O-O Nb6 13.Na5 Qc7 14.Nd5 Nxd5 15.exd5 Bd7
16.Kb1 O-O 17.c4 Bd8 18.Nc6 Bxc6 19.dxc6 Qxc6 20.cxb5 axb5 21.Qd5 Qxd5 22.Rxd5 b4
23.Rxd6 Nf4 24.h4 Bc7 25.Rc6 Ba5 26.Bc4 Rfc8 27.Rxc8+ Rxc8 28.b3 Rd8 29.Kc2 g6
30.Bf2 Kg7 31.Re1 f6 32.Re4 Bc7 33.Bf1 Bd6 34.gxf6+ Kxf6 35.Rc4 Ra8 36.Kb2 Nd5
37.Rc6 Ke7 38.Be1 Rf8 39.Be2 Rb8 40.Ra6 Rb7 41.Ra8 Bc5 42.Bd2 Be3 43.Kc2 Rd7
44.Bb5 Rc7+ 45.Kd3 Bxd2 46.Kxd2 Rc3 47.Bc4 Ne3 48.Bd3 Nd5 49.Rh8 Nf4 50.Rxh7+ Kd6
51.Be4 Rc7 52.Rh8 Ra7 53.Bb1 Nd5 54.Rd8+ Kc5 55.Rc8+ Kd6 56.Bxg6 Rxa2+ 57.Bc2 Ra1
58.Rd8+ Kc5 59.Rc8+ Kd6 60.Be4 Nf4 61.Rc6+ Kd7 62.Rc1 Ra2+ 63.Bc2 Ne6 64.h5 Nd4
65.Kd3 Ra6 66.Rd1 Rc6 67.Ke4 Ke6 68.Bd3 Nxb3  1/2-1/2

[Event "Gudmundur Arason op 4th"]
[Site "Hafnarfjordur"]
[Date "1998.12.17"]
[Round "4"]
[White "Bjornsson, Tomas"]
[Black "Hansson, Dan"]
[Result "0-1"]
[WhiteElo "2255"]
[BlackElo "2230"]

1.e4 c5 2.Nf3 d6 3.d4 cxd4 4.Nxd4 Nf6 5.Nc3 a6 6.Be3 Ng4 7.Bg5 h6 8.Bh4 g5
9.Bg3 Bg7 10.Be2 Ne5 11.O-O Nbc6 12.Nf5 Bxf5 13.exf5 Nd4 14.Bd3 Nxd3 15.Qxd3 Qa5
16.Rfe1 Qxf5 17.Bxd6 Kd7 18.Qxf5+ Nxf5 19.Be5 f6 20.Rad1+ Kc6 21.Bd4 e5 22.Be3 Rad8
23.Rxd8 Rxd8 24.Rd1 Rxd1+ 25.Nxd1 Nd6 26.g4 f5 27.gxf5 Nxf5 28.Nc3 Nxe3 29.fxe3 e4
30.Nxe4 Bxb2 31.c4 b5 32.cxb5+ axb5 33.Kf2 Kd5 34.Nd2 Bc3 35.Nb3 Kc4 36.Ke2 g4
37.Kf2 Be5 38.Kg2 Kd3 39.Nc5+ Kxe3 40.h3 h5 41.Na6 Bd6  0-1

[Event "BEL-chT9899"]
[Site "Antwerp"]
[Date "1998.12.20"]
[Round "5"]
[White "Behl, Torsten"]
[Black "Luminet, Denis"]
[Result "0-1"]
[WhiteElo "2150"]
[BlackElo "2285"]

1.e4 c5 2.Nf3 d6 3.d4 cxd4 4.Nxd4 Nf6 5.Nc3 a6 6.Be3 e6 7.Be2 Nbd7 8.f4 Qc7
9.Bf3 Be7 10.O-O O-O 11.g4 Nb6 12.g5 Nfd7 13.Qe1 Nc4 14.Bc1 Qc5 15.Qf2 b5
16.Kh1 Bb7 17.Nce2 Rac8 18.b3 Nce5 19.Be3 Nxf3 20.Nf5 Qxf5 21.exf5 Nxg5+  0-1